000 00980nam a22003378a 4500
005 20260322212035.0
008 data
010 _a 84013047
020 _a0683077414
020 _a9780683077414
040 _dCtY-M
_dCtY-M
050 0 _aR726.5
_b.U5 1985
060 _aWM 100 U51
096 _aWM 100 U51 1985
245 0 0 _aUnderstanding human behavior in health and illness /
_cedited by Richard C. Simons.
250 _a3rd ed.
260 0 _aBaltimore :
_bWilliams & Wilkins,
_cc1985.
263 _a8501
300 _axxiii, 822 p. :
_bill. ;c26 cm.
504 _aIncludes bibliographical references and index.
590 _aIncludes bibliographies and indexes.
650 0 _aMedicine and psychology.
650 0 _aDevelopmental psychology.
650 0 _aPsychology, Pathological.
650 0 _aHuman behavior.
650 2 _aBehavior.
650 2 _aPsychology, Applied.
650 2 _aPsychopathology.
700 1 _aSimons, Richard C.,
_d1933-
001 data
999 _c810
_d810